Príčiny neúčasti študentov na študentskej vedeckej odbornej činnosti - ŠVOČ

Enregistré dans:
Détails bibliographiques
Auteur principal: Hanák, Róbert, 1979-
Format: Chapitre de livre
Langue:slovaque
Tags: Ajouter un tag
Pas de tags, Soyez le premier à ajouter un tag!

MARC

LEADER 00000naa$a2200000$$$4500
001 0196549
005 20240502073319.1
041 0 |a slo 
044 |a SK 
245 1 0 |a Príčiny neúčasti študentov na študentskej vedeckej odbornej činnosti - ŠVOČ  |c Róbert Hanák 
100 1 |a Hanák, Róbert, 1979-